000 00527cam a2200193ua 4500
001 10821
005 20260515114650.0
008 190406n ii |||gr||||Z||||||eng
020 _a9789380261676
040 _cMAIN
082 _a371
100 _aS Bhattacharya,
_eAuthor.
245 _aEducational management :
_btheory and practice /
_cBy S Bhattacharya .
250 _a1st ed.
260 _aGuwahati:
_bEBH publishers,
_c2012.
300 _a277p.
653 _aSchools & their activities special education
942 _cBK
999 _c9771
_d9771